| 000 | 01001nam a22003257a 4500 | ||
|---|---|---|---|
| 003 | CHAP | ||
| 005 | 20220329141454.0 | ||
| 008 | 971013s1971 r 00010 d | ||
| 010 | _a68724 | ||
| 011 | _a69696 | ||
| 035 | _a79173 | ||
| 040 | _cCHAP | ||
| 082 |
_a330.15 _bH35 |
||
| 100 | 0 | 0 |
_aLapidus, I. _964808 |
| 245 |
_aConceptos fundamentales de El Capital _b: Manual de economía política |
||
| 260 |
_aMéxico, D. F. : _bSiglo XXI, _c1971 |
||
| 300 | _app. 91-224 | ||
| 500 | _a31-117 | ||
| 501 | _aEnc. con otro impreso similar | ||
| 590 |
_aBATCH-UPD _b10 _c20130110 _lUCH01 _h0820 |
||
| 590 |
_aBATCH-UPD _b10 _c20130410 _lUCH01 _h0457 |
||
| 590 |
_aBATCH-UPD _b10 _c20130914 _lUCH01 _h0844 |
||
| 590 |
_aCONVERSION _b10 _c20130109 _lUCH01 _h1338 |
||
| 650 | 1 | 4 |
_aCapitalismo. _918711 |
| 650 | 1 | 4 |
_aEconomía. _935226 |
| 700 | 0 |
_aOstroviatianov, Konstantin Vasilevich. _984277 |
|
| 901 | _aBK | ||
| 942 | _cLIBRO | ||
| 949 |
_a330.15 H35 _bBC _cLIBRO _d33724000938445 _eLIBRO _h4775 _i79173 _si |
||
| 999 |
_c68724 _d68724 |
||